[Event "8th RTU Open 2018"]
[Site "Riga"]
[Date "2018.08.07"]
[Round "2"]
[White "Sorensen, Hampus"]
[Black "Gorodetzky, David"]
[Result "0-1"]
[WhiteElo "2267"]
[BlackElo "2451"]
[Annotator "TA"]
[PlyCount "130"]
[EventDate "2018.08.06"]
[EventType "swiss"]
[EventCountry "LAT"]
[SourceTitle "playchess.com"]
[Source "ChessBase"]
[SourceQuality "1"]

{[%evp 17,130,2,20,0,8,13,29,31,48,50,42,49,51,40,47,42,63,31,108,114,104,-21,0,-36,-29,-53,-55,-49,-43,-46,-27,-64,-61,-70,-34,-38,-29,-39,-27,-76,-69,-69,-50,-45,-45,-57,-58,-69,-66,-70,-63,-66,-55,-134,-137,-151,-54,-61,-57,-85,-90,-88,-102,-93,0,-33,-33,-35,0,0,0,0,0,0,0,0,0,0,0,0,0,-26,-26,-159,-170,-72,-60,-319,-324,-368,-333,-375,-345,-2225,-1987,-966,-936,-2296,-2038,-29973,-29976,-29976,-29977,-29977,-29978,-29977,-29978,-5289,-2856,-29987,-29988,-29988,-29989,-29990,-29991]} 1. d4 e6 2. c4 Nf6 3. Nf3 d5 4. g3 Bb4+ 5. Bd2 Be7 6. Bg2 O-O 7. O-O c6 8. Qc2 Nbd7 9. Rd1 Ne4 {LiveBook: 52 Games} 10. b3 {E11: Bogo-Indian} Nxd2 $146 ({Predecessor:} 10... f5 11. Bc1 Bf6 12. Bb2 g5 13. Ne5 Bg7 14. Nd2 Nxe5 15. dxe5 Bd7 16. Nxe4 fxe4 17. cxd5 cxd5 {½-½ (46) Socko,B (2593)-Le,Q (2737) Riadh 2017}) 11. Nbxd2 f5 12. Ne1 {White has an edge.} Nf6 13. Ndf3 Bd6 14. Nd3 Qe7 15. a3 Bd7 16. b4 Be8 17. Rab1 f4 ({Black should play} 17... dxc4 $14 18. Qxc4 a5) 18. c5 $16 ({Stronger than} 18. Nxf4 Bxf4 19. gxf4 Bg6 $17) 18... Bc7 19. Nde5 (19. Nxf4 $6 Bxf4 20. gxf4 Bg6 $11) ({Better is} 19. gxf4 $16 Bg6 20. e3) 19... Ne4 20. g4 Ng5 {With the idea ...Nxf3+.} 21. Qb2 Nxf3+ 22. Nxf3 Bg6 23. Rbc1 Be4 24. Qb3 a6 25. a4 Qe8 26. h3 h5 27. g5 h4 28. Rd2 Rf5 29. Kh1 Bxf3 30. Bxf3 Rxg5 31. Rdd1 e5 32. dxe5 Qe6 {[%cal Re6h3]} 33. Kh2 {[%cal Rd1d5]} Rxe5 ({Much worse is} 33... Bxe5 $6 34. Rxd5 $1 {[%mdl 512]} Rf8 35. Qd3 $14 (35. Rd3 Qxb3 36. Rxb3 Rd8 $14)) 34. Qd3 Re8 {[%cal Re5e2]} 35. Rg1 (35. Kg2 $15) 35... Rxe2 $17 36. Rg2 Re4 (36... Rb2 $17 {Hoping for ...Be5.} 37. Rb1 Rxb1 38. Qxb1 Be5) 37. Rcg1 $15 Be5 {...Re3! is the strong threat.} 38. Rg4 Bf6 {And now ...Rc4 would win.} 39. Bxe4 dxe4 40. Qd6 {[#]} e3 ({Black should try} 40... Kh7 $1 $17) 41. Qxe6+ Rxe6 42. fxe3 fxe3 $11 {[%mdl 4096] Endgame KRR-KRB} 43. Re1 $1 e2 44. Rg2 Re4 $1 45. Rexe2 Rxb4 46. Rg4 Rb3 47. Rc2 Kf7 48. Re4 Kg6 49. Rcc4 a5 50. Re2 (50. Rg4+ $11 Kf5 51. Rcf4+ Ke6 52. Kg2) 50... Kf5 $17 51. Rf2+ Ke6 {Strongly threatening ...g5.} 52. Rd2 $2 {[%mdl 8192]} (52. Rg4 $15) 52... Be5+ $19 53. Kg2 Rg3+ 54. Kf1 Rxh3 55. Re4 $2 (55. Kg1) 55... Rh1+ 56. Ke2 Kf5 57. Rc4 Rh2+ 58. Kd3 Rxd2+ 59. Kxd2 {KR-KB} g5 {[%cal Bg7g5,Bg5g4,Bg4g3,Bg3g2][%mdl 32]} 60. Ke2 g4 61. Rc1 h3 62. Rf1+ Ke4 63. Rf7 g3 {Black mates.} 64. Rh7 g2 65. Kf2 Bd4+ {Precision: White = 39%, Black = 62%.} 0-1

[Event "8th RTU Open 2018"]
[Site "Riga"]
[Date "2018.08.07"]
[Round "2"]
[White "Stauskas, Lukas"]
[Black "Merry, Alan B"]
[Result "1-0"]
[WhiteElo "2256"]
[BlackElo "2445"]
[Annotator "TA"]
[PlyCount "109"]
[EventDate "2018.08.06"]
[EventType "swiss"]
[EventCountry "LAT"]
[SourceTitle "playchess.com"]
[Source "ChessBase"]
[SourceQuality "1"]

{[%evp 13,109,34,47,31,52,30,51,46,74,15,18,0,51,0,0,19,0,-105,-36,-76,-31,-151,-125,-167,-144,-221,-64,-54,0,-15,72,37,98,72,136,129,170,120,122,136,136,114,306,296,279,292,298,294,468,468,468,466,466,459,466,466,457,489,490,485,460,481,479,464,543,427,551,508,500,448,456,443,377,353,529,497,584,550,643,643,664,655,849,841,820,820,810,802,1221,1161,1238,1235,1222,1211,1187,1142,2358,2257]} 1. d4 Nf6 2. c4 g6 3. Nc3 Bg7 4. Nf3 O-O 5. Bg5 c5 6. d5 {E61: Königsindisch (Abweichungen der Hauptvariante)} e6 (6... d6 7. e3 a6 8. Nd2 h6 9. Bh4 e6 10. a4 exd5 11. cxd5 Nbd7 12. Be2 Qe7 13. O-O Ne5 14. h3 g5 15. Bg3 Bf5 {½-½ (45) Hansen,S (2590)-Van Kampen,R (2643) Germany 2016}) 7. e4 h6 {LiveBook: 3 Partien} 8. Be3 {Weiß steht etwas besser.} exd5 9. exd5 d6 10. h3 b5 $146 ({Vorgänger:} 10... Re8 11. Bd3 Na6 12. a3 Nc7 13. O-O b5 14. Rb1 bxc4 15. Bxc4 {0-1 (29) Erkan,M-Kovchan,A (2270) Cannes 1997}) 11. cxb5 (11. Nxb5 $16 {und nun wäre Ld3 stark für Weiss.} Ne4 12. Bd3) 11... Nbd7 $11 12. Nd2 Re8 (12... Nb6 $11 13. Bc4 Bb7) 13. Nc4 Nb6 14. Nxb6 $1 axb6 15. Qc2 (15. Bd3 $1 $11) 15... Re5 (15... Nh5 $1 $17 {[%cal Rh5g3]} 16. Qd2 Bd4) 16. Bc4 Bf5 {[%mdl 1024] Schwarz hat starke Kompensation.} 17. Qb3 (17. Qe2 $15) 17... Ne4 $1 $17 {[%cal Re4f2]} 18. O-O Qh4 $1 {Weiss muss nun ...Lxh3! beachten.} 19. Rfe1 (19. Rfc1 $17) 19... Rae8 $2 (19... Bxh3 $1 $19 20. gxh3 Rg5+ 21. Kf1 (21. Bxg5 $2 {wird mattgesetzt.} Qxf2+ 22. Kh1 Ng3#) 21... Bxc3 22. bxc3 Re8 $1 {[%mdl 512]}) 20. Bf1 $1 $15 Bf6 (20... R5e7 $15 21. Qa4 g5 22. Nxe4 Bxe4) 21. a4 Bg5 (21... Nxc3 $11 22. Qxc3 Re4) 22. Nxe4 $16 Bxe4 {[#]} ({Besser ist} 22... Bxe3 $14 23. g3 Qd8 24. Rxe3 Rxe4) 23. Rad1 $1 Bxe3 (23... Bf6 $142) 24. Rxe3 Qg5 25. a5 bxa5 26. b6 {[%cal Bb5b6,Bb6b7][%mdl 32] Und Tde1 würde nun gewinnen.} Rb8 {[%cal Re4d5]} 27. Qa4 f5 $2 (27... Bxg2 $16 28. h4 (28. Bxg2 Rxe3 29. fxe3 Qxe3+ 30. Kh1 Rxb6 $11) 28... Qe7 29. Rxe5 (29. Kxg2 Rxe3 30. fxe3 Rxb6 $17) 29... Qxe5 30. Bxg2 Rxb6) 28. Qc6 $18 ({Schwächer ist} 28. Qxa5 f4 $16) 28... Qd8 29. b7 Re7 30. Ba6 Rc7 (30... f4 {ist eine bessere Verteidigung.} 31. Ree1 Bf5 32. Rxe7 Qxe7) 31. Qb6 Rd7 32. Qxd8+ Rbxd8 33. f3 Bc2 34. Rde1 Kf7 35. Rc3 Ba4 36. b3 Bb5 37. Bxb5 Rxb7 38. Bc6 Rb4 39. Ra1 Kf6 40. Rxa5 Ke5 41. Ra4 Rdb8 42. Rxb4 Rxb4 {[%mdl 4096] Endspiel KTL-KT} 43. Rd3 f4 (43... g5 {war angesagt.} 44. Re3+ Kd4) 44. Kf2 {Weiß steht klar auf Gewinn.} Rb6 45. Ke2 Ra6 46. Bb5 Ra1 47. Bc4 Rg1 48. Kf2 Ra1 49. Rd2 g5 50. Re2+ Kd4 51. Re6 Ra2+ 52. Kg1 Ra1+ 53. Kh2 h5 54. Rxd6 Ke3 55. Re6+ {Precision: Weiß = 53%, Schwarz = 28%.} 1-0

[Event "8th RTU Open 2018"]
[Site "Riga"]
[Date "2018.08.07"]
[Round "2"]
[White "Jacobs, Florian"]
[Black "Pechac, Jergus"]
[Result "1/2-1/2"]
[WhiteElo "2255"]
[BlackElo "2431"]
[Annotator "TA"]
[PlyCount "95"]
[EventDate "2018.08.06"]
[EventType "swiss"]
[EventCountry "LAT"]
[SourceTitle "playchess.com"]
[Source "ChessBase"]
[SourceQuality "1"]

{[%evp 23,95,37,40,-10,71,87,111,20,85,85,78,92,79,75,79,68,75,67,80,76,69,72,77,82,189,185,180,170,159,172,254,245,262,267,246,264,252,212,221,155,211,221,238,220,212,200,195,198,237,181,325,325,296,302,1090,626,584,0,260,258,265,266,266,263,333,331,362,325,362,0,362,0,360,0]} 1. d4 Nf6 2. c4 g6 3. Nc3 d5 4. cxd5 Nxd5 5. e4 Nxc3 6. bxc3 Bg7 7. Nf3 c5 8. Be3 Qa5 9. Qd2 Nc6 10. Rb1 a6 {D85: Grünfeldindisch (Abtauschvariante, 7.Sf3 bzw nicht 7.Lc4)} (10... cxd4 11. cxd4 O-O 12. Qxa5 Nxa5 13. Bd3 Bg4 14. h3 Bxf3 15. gxf3 Rfd8 16. d5 e6 17. Bg5 f6 18. Bd2 {½-½ (51) Onischuk,A (2672)-Robson,R (2660) Saint Louis 2018}) 11. Rc1 O-O 12. d5 Rd8 $1 {LiveBook: 6 Partien. Weiß steht etwas besser.} 13. c4 {Schwarz muss nun Dxa5 beachten.} Qb6 $146 (13... Nb4 $11 {hält das Gleichgewicht.}) ({Vorgänger:} 13... Qa3 14. h3 f5 15. Be2 fxe4 16. Ng5 Bb2 17. Rc2 Be5 18. O-O {½-½ (28) Barbosa,E (2319)-Della Morte,G (2351) Rio de Janeiro 2011}) 14. Bd3 Nb4 {[#]} 15. Be2 (15. Bb1 $1 $16) 15... Bg4 (15... Qa5 $1 $11 {bleibt in der Remisbreite.}) 16. O-O $16 Bxf3 17. Bxf3 Nc6 18. Rb1 $36 {[%mdl 2048] Weiss hat starke Initiative.} Qa7 19. a4 b6 20. Qa2 Nd4 21. Bg4 Qc7 22. f4 b5 23. e5 Qa5 (23... bxa4 $16 24. Qxa4 a5) 24. Bxd4 $1 $18 cxd4 25. c5 {[%cal Bc4c5,Bc5c6,Bc6c7][%mdl 32]} d3 26. c6 b4 (26... bxa4 {ist wohl besser.} 27. Rb7 Rab8) 27. Bf3 g5 28. Qc4 {Droht stark c7.} (28. fxg5 $6 Bxe5 29. Qc4 Qb6+ 30. Kh1 a5 $18) 28... gxf4 29. c7 (29. Qxd3 $6 e6) (29. Rxb4 Bxe5 30. Kh1 d2 $16) 29... Rf8 30. d6 (30. Qxd3 Qxc7 31. d6 Qc5+ 32. Kh1 Rab8 $11) (30. Rxb4 Bxe5 31. d6 Rac8 $11) (30. Qxb4 Qxb4 31. Rxb4 Rac8 $14) 30... Rac8 31. Qxb4 Qxe5 {[#]} (31... Qxb4 $16 32. Rxb4 Bxe5) 32. Bb7 $1 {[%cal Rb7c8]} (32. dxe7 Rfe8 $15) 32... exd6 33. Bxc8 Rxc8 34. Kh1 d5 35. Rbc1 Bf8 36. Qd2 (36. Qxf4 Qxf4 37. Rxf4 d2 $15) 36... Qe3 (36... Rxc7 $142 37. Rxc7 (37. Qxd3 Rxc1 38. Rxc1 Bd6 $16) 37... Qxc7 38. Qxd3 Qc6) 37. Rfd1 Bd6 38. Qxd3 a5 $2 (38... Rxc7 39. Rxc7 (39. Qxd5 Rxc1 40. Qg5+ Kf8 $11) 39... Bxc7 40. Qxa6 f3 41. Qc8+ Kg7) 39. Qa6 Qe6 40. Qd3 $2 (40. Qxa5 $18 Kf8 41. Re1) 40... Rxc7 $2 {[%mdl 8192]} (40... Qe3 $1 $11) 41. Rxc7 Bxc7 42. Qxd5 $11 {[%mdl 4096] Endspiel KDT-KDL} Qe3 43. h3 Qg3 {zielt auf ...f3 ab.} 44. Qf3 Kg7 45. Rc1 Bd6 46. Rd1 Bc7 $1 47. Rc1 Bd6 $1 48. Rd1 $2 {Precision: Weiß = 61%, Schwarz = 43%.} ({Besser ist} 48. Qxg3+ $18 fxg3 49. Rd1) 1/2-1/2

[Event "8th RTU Open 2018"]
[Site "Riga"]
[Date "2018.08.07"]
[Round "2"]
[White "Bluebaum, Karl Ernst"]
[Black "Korchmar, Vasiliy"]
[Result "1/2-1/2"]
[WhiteElo "2253"]
[BlackElo "2415"]
[Annotator "TA"]
[PlyCount "145"]
[EventDate "2018.08.06"]
[EventType "swiss"]
[EventCountry "LAT"]
[SourceTitle "playchess.com"]
[Source "ChessBase"]
[SourceQuality "1"]

{[%evp 14,145,49,10,5,-8,-19,-9,-18,-54,-22,-143,-25,-27,-14,-57,0,-35,-29,-29,-35,-47,-33,-60,-60,-63,-63,-57,-72,-81,-70,-58,-71,-95,-28,-58,7,-17,61,61,61,61,61,61,64,64,70,4,7,7,0,2,9,0,0,0,0,0,0,-30,-31,-52,-51,-112,-65,-65,-65,-66,-66,-66,-65,-71,-70,-141,-134,-134,-135,-148,-122,-587,-578,-556,-208,-239,-102,-102,-79,-97,-8,-11,-8,-86,-86,-77,-8,-10,-9,-8,-8,-8,-8,-8,-8,-8,-8,-8,-8,-8,-8,-8,-8,-8,0,0,0,-8,-8,-8,0,0,0,0,0,0,0,0,0,0,8,0,0,0,8,-8]} 1. d4 Nf6 2. c4 e6 3. Nf3 d5 4. g3 Bb4+ 5. Bd2 Bd6 (5... Be7 6. Bg2 O-O 7. O-O Nbd7 8. b4 c6 9. a4 Bd6 10. Qc2 e5 11. cxd5 cxd5 12. dxe5 Nxe5 13. Bc3 Re8 14. Nbd2 Nxf3+ 15. Bxf3 Bh3 {½-½ (58) So,W (2778)-Karjakin,S (2782) Stavanger 2018}) 6. Nc3 {E01: Catalan: Early deviations} O-O 7. Bg2 Nbd7 8. O-O {LiveBook: 3 Games. White is slightly better.} (8. c5 $5 {[%cal Rc5d6]} Be7 9. O-O $11) 8... dxc4 9. Nb5 $146 ({Predecessor:} 9. e4 e5 10. Bg5 h6 11. Bxf6 Qxf6 12. Nd5 Qd8 13. dxe5 Nxe5 14. Nxe5 Bxe5 {0-1 (28) Paikidze,N (2355)-Vorontsov,P (2492) Las Vegas 2017}) 9... a6 10. Nxd6 cxd6 11. Bb4 Qb6 12. Qa4 (12. Ba3 $11) 12... Re8 (12... a5 $1 $17 13. Bd2 Qa6) 13. b3 cxb3 14. axb3 Nf8 (14... e5 $15) 15. Rfc1 (15. Ba5 $5 {[%cal Ra5b6]} Qa7 16. Rfc1 $11) 15... Bd7 16. Qa3 d5 17. Ba5 Qa7 $1 18. Rc7 Rec8 19. Rac1 Rxc7 20. Rxc7 Ne8 21. Rc2 b6 22. Bb4 Ng6 23. h4 h5 (23... a5 $17 24. Bd2 Bb5) 24. e4 Nf6 ({Black should play} 24... a5 $15 25. Bd2 a4) 25. e5 Ne8 (25... Ne4 $11) 26. Qc1 $14 a5 27. Ba3 $1 a4 28. bxa4 Qxa4 29. Rc3 Bb5 30. Qe3 (30. Qb1 $14) 30... Bc4 $36 {[%mdl 2048] Black is pushing.} 31. Ng5 Qd1+ 32. Kh2 Qe2 $1 33. Bf3 Qxe3 34. Rxe3 Nc7 35. Bxh5 Nb5 36. Bc1 Nxd4 37. Bxg6 fxg6 38. Ra3 (38. Bb2 $15 Nc2 39. Rc3) 38... Rxa3 (38... Rf8 {keeps more tension.} 39. Be3 Nc2 40. Ra7 d4 41. Bf4 b5) 39. Bxa3 $17 {[%mdl 4096] Endgame KBN-KBN} Nc2 40. Bb2 $1 d4 41. Nf3 d3 42. Nd2 Bd5 43. f4 (43. Kh3 $15) 43... b5 44. Kg1 Kf7 45. Kf2 Ke7 46. Nf3 $2 {[%mdl 8192]} (46. Nf1 $17 {is more resistant.}) 46... Bxf3 $1 $19 47. Kxf3 {If only White now had time for Bc1.... KB-KN} Kd7 $2 (47... b4 48. Bc1 b3) 48. Bc1 Kc6 (48... Nd4+ $19 {and Black stays clearly on top.} 49. Ke3 Ne2) 49. Ke4 $17 {[#]} Nb4 $1 50. Kd4 Nd5 (50... Na6 $17 {...Nc5 is the strong threat.} 51. Kxd3 Nc5+ 52. Kc2 Kd5) 51. Bd2 Ne7 {next ...Nf5+ is good for Black.} 52. g4 {[#]} (52. Kxd3 $11 {remains equal.} Nf5 53. Be1) 52... Ng8 $1 53. Kxd3 Kd5 (53... Kc5 $17) 54. h5 {The position is equal.} gxh5 55. gxh5 {Black should prevent Bb4.} Nh6 56. Bb4 {Strongly threatening Bf8.} Nf5 57. Bf8 {Threatens to win with Bxg7!} Ng3 58. h6 gxh6 59. Bxh6 Ne4 60. Bf8 Nc5+ 61. Kc3 Nd7 62. Be7 Kc6 63. Kd4 Nb6 64. Ke4 Nd5 65. Bf8 Nc3+ 66. Kd3 Na4 67. Kd4 Nb6 68. Ke4 Nd7 69. Be7 Nb6 70. f5 Nd5 71. Bf8 {And now f6 would win.} exf5+ 72. Kxf5 b4 73. Bxb4 {Precision: White = 33%, Black = 49%.} 1/2-1/2

[Event "8th RTU Open 2018"]
[Site "Riga"]
[Date "2018.08.07"]
[Round "2"]
[White "Pulkkinen, Kari"]
[Black "Fenil, Shah"]
[Result "0-1"]
[WhiteElo "2242"]
[BlackElo "2412"]
[Annotator "TA"]
[PlyCount "76"]
[EventDate "2018.08.06"]
[EventType "swiss"]
[EventCountry "LAT"]
[SourceTitle "playchess.com"]
[Source "ChessBase"]
[SourceQuality "1"]

{[%evp 17,76,69,62,-4,5,-4,2,16,0,-15,-7,-4,-5,-18,-13,-54,0,-124,0,-15,-11,-45,-58,-295,-197,-287,-211,-283,-290,-279,-264,-247,-4,-317,141,43,0,-21,-40,-45,-31,-387,-396,-382,-381,-685,-143,-144,-157,-145,-134,-253,-231,-312,-312,-604,-604,-598,-584,-1233,-1226]} 1. e4 c5 2. Nf3 e6 3. d4 cxd4 4. Nxd4 Nc6 5. Nc3 Qc7 6. Be3 a6 7. Qf3 {B48: Sicilian: Taimanov: 5 Nc3 Qc7 6 Be3 a6 without Be2} Ne5 8. Qg3 h5 {[%cal Bh7h5,Bh5h4][%mdl 32]} 9. Bf4 d6 {LiveBook: 14 Games} 10. O-O-O $146 (10. Bg5 $14) ({Predecessor:} 10. Bg5 b5 11. a3 Ng6 12. h4 Rb8 13. Be2 Nf6 14. O-O Bb7 15. Bxf6 gxf6 16. Nxe6 fxe6 17. Qxg6+ {1-0 (75) Bacrot,E (2725)-Saric,I (2669) Riadh 2017}) 10... h4 $11 11. Qe3 Bd7 12. h3 b5 13. a3 Rb8 14. Bh2 Be7 15. f4 Nc4 16. Bxc4 bxc4 17. f5 (17. e5 $1 $11 {keeps the balance.}) 17... Qb6 (17... e5 $1 $17 18. Nd5 Qb7) 18. fxe6 fxe6 ({Not} 18... Qxb2+ $2 19. Kd2 $18) 19. e5 $1 {[%cal Re5d6]} d5 $36 {[%mdl 2048] Black has the initiative.} 20. Nxd5 $2 (20. Rhf1 $1 $15) 20... exd5 21. e6 (21. Qc3 {keeps fighting.} Be6 22. Rhf1) 21... Qxb2+ $19 22. Kd2 Ba4 23. Bxb8 Qxb8 24. Rb1 Qd8 $2 (24... Qc7 $1 $19 {aiming for ...Nf6.} 25. Nf5 Nf6 26. Nxe7 Kxe7) 25. Ke2 $2 {[%mdl 8192]} (25. Nf5 $11 {and White stays safe.} Qc7 26. Rb6) 25... Rh5 $2 {[#]} (25... Qc7 $19 {And now ...Nf6 would win.} 26. Kd1 Nf6) 26. Qf4 (26. g4 $1 $16 {Strongly threatening Qf4.} hxg3 27. Qxg3) 26... Bf6 $1 $14 {White must now prevent ...Re5+.} 27. Nf5 {[#]} ({But not} 27. Rb7 $2 Re5+ 28. Kf1 Nh6 $19) 27... Rxf5 $1 {[%mdl 512]} 28. Qxf5 {Threatens to win with Rb7.} Qd6 {...Ne7 is the strong threat.} 29. Rhd1 $2 {[%mdl 8192]} ({White should play} 29. Kd1 $15 Nh6 30. Qh5+ Kd8 31. Re1) 29... Ne7 $19 30. Qh7 {Intending Qh8+ and mate.} Qxe6+ 31. Kf2 $2 (31. Kf1 Qf5+ 32. Qxf5 Nxf5 33. Kf2) 31... Qf5+ $2 (31... g6 $19 32. Rbc1 {[#]} Bd4+ $1 {[%mdl 512]} 33. Rxd4 Qf6+ 34. Ke2 Qxd4) 32. Qxf5 $17 Nxf5 33. Rxd5 Bxc2 34. Rb8+ (34. Re1+ $17 Kf7 35. Rd7+ Ne7 36. Rc7) 34... Kf7 $19 35. Rc8 c3 36. Rd7+ $2 (36. Ke1) 36... Ke6 {Black is clearly winning.} 37. Rdc7 Nd6 38. Rxc3 Bxc3 {Precision: White = 20%, Black = 56%.} 0-1

[Event "8th RTU Open 2018"]
[Site "Riga"]
[Date "2018.08.07"]
[Round "2"]
[White "Semjonovs, Ilja"]
[Black "Wenninger, Philipp"]
[Result "1-0"]
[WhiteElo "2242"]
[BlackElo "2408"]
[Annotator "TA"]
[PlyCount "85"]
[EventDate "2018.08.06"]
[EventType "swiss"]
[EventCountry "LAT"]
[SourceTitle "playchess.com"]
[Source "ChessBase"]
[SourceQuality "1"]

{[%evp 13,85,12,16,16,20,10,7,11,15,15,12,26,19,5,13,0,4,0,0,0,4,0,9,4,26,0,21,30,89,83,83,50,92,75,80,74,66,31,45,31,34,22,25,31,42,45,100,95,84,97,123,122,138,103,93,100,89,41,50,61,54,41,68,89,108,112,118,14,649,635,630,554,836,815]} 1. e4 c6 2. d4 d5 3. exd5 cxd5 4. Bd3 Nc6 5. c3 Qc7 6. Ne2 Bg4 7. Na3 {B13: Caro-Kann: Exchange Variation and Panov-Botvinnik Attack} (7. O-O Nf6 8. Qe1 Bxe2 9. Qxe2 g6 10. f4 Bh6 11. Nd2 O-O 12. Qf2 e6 13. Qh4 Bg7 14. Nf3 Ne7 {1-0 (49) Piorun,K (2651)-Rodshtein,M (2699) Katowice 2017}) 7... a6 {LiveBook: 4 Games} 8. Nc2 e6 9. f3 {The position is equal.} Bh5 10. Bf4 Bd6 11. Qd2 Nge7 $146 ({Predecessor:} 11... Bg6 12. Bxd6 Qxd6 13. Nf4 Nge7 14. O-O Na5 15. Nxg6 hxg6 {½-½ (58) Jozefini,L (2039)-Gierth,K (2225) ICCF email 2012}) 12. Bxd6 Qxd6 13. O-O Bg6 14. Rfe1 Rc8 15. Ne3 O-O 16. Bxg6 Nxg6 17. Nc1 Rfe8 18. Nd3 b6 19. Ng4 Re7 20. Qf2 h5 {[#]} (20... Na5 $11 {keeps the balance.}) 21. Ne3 $1 $16 Nf8 22. Qh4 g6 23. f4 b5 24. a3 Rec7 25. h3 Qd8 26. Qxd8 Rxd8 27. g4 hxg4 28. hxg4 Nd7 29. f5 Kg7 ({Black should try} 29... Nf6 $14) 30. fxe6 fxe6 31. Ng2 Nf8 32. Ngf4 {[#] aiming for Nc5.} Re7 33. Re2 g5 34. Nh5+ Kg6 35. Rae1 Rde8 36. Ng3 Nd7 37. Nb4 Nxb4 38. axb4 {Nf5! is the strong threat.} e5 39. Nf5 $36 {[%mdl 2048] White is really pushing.} Re6 40. Rh2 (40. Kg2 $16) 40... Rf6 $2 {[%mdl 8192]} (40... Nf6 $11 41. Rh6+ Kf7) 41. Rh6+ $18 {White is clearly winning.} Kf7 42. Nd6+ Ke7 {White must now prevent ...Kxd6.} 43. Rxf6 {Precision: White = 61%, Black = 49%.} 1-0

[Event "8th RTU Open 2018"]
[Site "Riga"]
[Date "2018.08.07"]
[Round "2"]
[White "Kretainis, Kristaps"]
[Black "Seeman, Tarvo"]
[Result "1/2-1/2"]
[WhiteElo "2235"]
[BlackElo "2405"]
[Annotator "TA"]
[PlyCount "63"]
[EventDate "2018.08.06"]
[EventType "swiss"]
[EventCountry "LAT"]
[SourceTitle "playchess.com"]
[Source "ChessBase"]
[SourceQuality "1"]

{[%evp 19,63,-7,19,0,-18,-34,-29,-44,-33,-29,-15,-47,-36,-47,-31,-31,0,-45,-31,-49,-43,-70,-69,-73,-76,-75,-65,-68,-62,-66,-46,-96,-43,-94,0,0,6,6,20,26,27,23,28,29,29,0]} 1. e4 g6 2. d4 Bg7 3. Nf3 d6 4. Bc4 Nf6 5. Qe2 O-O 6. O-O Bg4 7. h3 Bxf3 8. Qxf3 Nc6 {B06: Modern Defence} 9. c3 e5 10. Bb5 (10. d5 Ne7 11. Bd3 Nd7 12. c4 f5 13. Qd1 c6 14. Nc3 cxd5 15. cxd5 {0-1 (57) Anand,V (2759)-Nakamura,H (2769) Paris 2018}) 10... Nd7 {LiveBook: 4 Games. The position is equal.} 11. Bxc6 bxc6 12. dxe5 $146 ({Predecessor:} 12. Rd1 Rb8 13. Na3 exd4 14. cxd4 c5 15. Nc2 Qe7 16. Qe3 {0-1 (25) Radlovacki,J (2305)-Kadric,D (2509) Jahorina 2018}) 12... Nxe5 13. Qe2 Re8 14. Be3 Qb8 15. b3 Qb5 16. c4 Qb7 {[#] aiming for ...Nxc4!} 17. Nc3 c5 18. Nd5 Nd7 19. Rae1 Rxe4 20. Qd2 Nb6 21. Bg5 Rxe1 22. Rxe1 Nxd5 23. Qxd5 Qxd5 24. cxd5 $17 {[%mdl 4096] Endgame KRB-KRB} Rc8 25. Re7 h6 (25... Kf8 $17 {Strongly threatening ...h6.} 26. Rd7 Bc3) 26. Bd2 {[#]} (26. Be3 $15) 26... a6 (26... Kf8 $1 $17 {[%cal Rf8e7]} 27. Re1 c6) 27. Rd7 $11 Re8 28. Kf1 Re5 29. Rxc7 Rxd5 {White has an edge.} 30. Ke2 Re5+ $1 31. Kd3 Rd5+ 32. Ke2 {Precision: White = 31%, Black = 53%.} 1/2-1/2

[Event "8th RTU Open 2018"]
[Site "Riga"]
[Date "2018.08.07"]
[Round "2"]
[White "Petrov, Dmitri"]
[Black "Kreisl, Robert"]
[Result "0-1"]
[WhiteElo "2233"]
[BlackElo "2404"]
[Annotator "TA"]
[PlyCount "62"]
[EventDate "2018.08.06"]
[EventType "swiss"]
[EventCountry "LAT"]
[SourceTitle "playchess.com"]
[Source "ChessBase"]
[SourceQuality "1"]

{[%evp 14,62,16,0,9,0,0,-44,-44,-54,-35,-66,-35,-35,-35,-35,-36,-34,-36,-36,-33,-34,-33,-32,-8,-22,-7,-14,11,-70,-28,-50,0,0,0,0,89,-545,-531,-1061,-1013,-1073,-1074,-1066,-1064,-1056,-1035,-1116,-1085,-29997,-29998]} 1. e4 c5 2. Nf3 d6 3. Bb5+ Nc6 4. d4 cxd4 5. Qxd4 a6 6. Bxc6+ {B53: Sizilianisch (Ungarische Variante)} bxc6 7. c4 (7. O-O e5 8. Qe3 Ne7 9. Rd1 Qc7 10. b3 Ng6 11. c4 Be7 12. Nc3 O-O 13. Ba3 d5 14. Bxe7 {½-½ (26) Xiong,J (2655)-Li,R (2583) Philadelphia 2018}) 7... e5 8. Qd3 {LiveBook: 22 Partien. Die Stellung ist ausgeglichen.} Ne7 9. O-O Ng6 10. c5 $146 ({Vorgänger:} 10. Nc3 Be6 11. Be3 Be7 12. Rad1 Bg4 13. Bc1 Nh4 14. Nxh4 Bxd1 {1-0 (30) Gunina,V (2507)-Kursova,M (2278) Tbilisi 2018}) 10... d5 $1 11. exd5 Qxd5 (11... Bxc5 $6 12. Qc2 $11) 12. Qe2 Bxc5 13. Rd1 Qe6 14. Qc2 Be7 15. Ng5 Bxg5 $1 16. Bxg5 {[%csl Gg5][%cal Rd1d8]} O-O 17. Nd2 Qg4 18. Be3 Rb8 19. b3 Nh4 {[%csl Gh4][%cal Rg4g2]} 20. Qe4 $1 Qh5 21. Nc4 (21. Nf1 $11) 21... Bg4 $36 {[%mdl 2048] Schwarz hat Initiative.} 22. Rd6 Rfe8 {zielt auf ...Sf3+! ab.} 23. h3 ({Nicht} 23. Rxc6 $2 Nf3+ $1 {[%mdl 512]} 24. Kf1 (24. gxf3 $2 Bxf3 25. Qxf3 Qxf3 $19) 24... Nxh2+ 25. Ke1 Nf3+ $1 {[%mdl 512]} 26. gxf3 Bxf3 $19) (23. Qxc6 $2 Bf3 $1 $19 {[%mdl 512]}) 23... Bf5 24. Qxc6 e4 (24... h6 $11) 25. Rad1 $2 {[%mdl 8192] [#]} ({Aber nicht} 25. Qxa6 $2 {[#]} Nxg2 $1 {[%mdl 512]} 26. Rb6 Nh4 $19) (25. Rd5 $16 {ist erzwungen, um die Oberhand zu behalten.}) 25... Nxg2 $1 $19 {[%mdl 512]} 26. Qxe8+ (26. Kxg2 Bxh3+) 26... Rxe8 27. Rd8 f6 28. Rxe8+ Qxe8 29. Kxg2 {[#]} Bxh3+ $1 {[%mdl 512]} 30. Kh2 (30. Kxh3 Qh5+) 30... Bg4 31. Rg1 Qh5+ {Precision: Weiß = 38%, Schwarz = 62%.} 0-1